| 000 | 01415nam a22002297a 4500 | ||
|---|---|---|---|
| 999 |
_c57196 _d57196 |
||
| 003 | Ge_BSU | ||
| 005 | 20221221145857.0 | ||
| 008 | 200110s2020 ge ||||| |||| 00| 0 geo d | ||
| 041 | _ageo | ||
| 080 | _a82 მ-43 | ||
| 100 |
_aმახარაძე, ნათია _96060 |
||
| 245 |
_aსათაურის სინტაქსური მოდიფიკაცია პუბლიცისტურ ტექსტებში : _bდისერტაცია / _cნათია მახარაძე; სამეცნ. ხელმძღვ. ნ. ფარტენაძე. |
||
| 264 |
_aბათუმი : _bბათუმის შოთა რუსთაველის უნ-ტის გამ-ბა, _c2020. |
||
| 300 |
_a151 გვ.; _b30 სმ. |
||
| 504 | _aბიბლიოგრ. გვ. 131-138 | ||
| 653 | _aქართული ფილოლოგია | ||
| 653 | _aქართული ენა | ||
| 653 | _aდისერტაცია | ||
| 700 |
_aფარტენაძე, ნ. _eსამეცნ. ხელმძღვანელი _96061 |
||
| 710 |
_aბათუმის შოთა რუსთაველის სახ-ფო უნ-ტი. _bჰუმანიტარულ მეცნიერებათა ფაკ-ტი. ქართული ფილოლოგიის დეპ-ტი _96062 |
||
| 942 |
_2udc _cDS |
||